000 01143cad a22001935a 4500
001 L151323
008 101021s2010 xxk f 000 0 eng d
035 _a(Sirsi) u151323
041 0 _aeng
110 2 _aGreat Britain
_bHealth and Safety Executive
245 0 0 _aWorking together for health and safety in construction
_ban agreement for cooperation between the Health and Safety Executive (HSE) and the Building Control Alliance (BCA) in England and Wales
_h[electronic resource]
260 _a[S.l.]
_bHSE
_c2010
520 _aThis agreement covers the provision of information on construction health and safety to clients, designers and contractors and the arrangements for handling concerns about health and safety standards on site; includes guidelines for dealing with health and safety concerns; duty of care; examples of matters of evident concern; suggested format for reporting concerns;
590 _aKA NTK
651 4 _aEngland and Wales
_y1543-
690 _aHealth and safety
_96244
856 4 0 _uhttps://www.hse.gov.uk/construction/resources/workingtogether.pdf
_zView the item free of charge at www.hse.gov.uk
942 _n0
999 _c111294
_d111294